BIBLIOTHÈQUE DE LA MAISON DU MEXIQUE

Logo 1 Logo 2

La teoría de la literatura de Lukacs (notice nᵒ 12238)

détails MARC
000 -Sello discográfico
campo de control de longitud fija 00945nam a2200289 4500
005 - Identificación de versión
campo de control 20251016083746.0
010 ## - Número Estándar Internacional de Libros (ISBN)
Número (ISBN) 968-582-634-X
035 ## - Otros números de control del sistema
Número de control del sistema 15125
099 ## - fechas locales
Tipo de ítem Koha LIBRO
100 ## - Datos de procesamiento general
Datos de procesamiento general 19930801d1979 m y1spay5003 ba
105 ## - Campo de datos codificados: Material textual, monográfico
Datos codificados de monografía y 001zy
200 1# - Título y mención de responsabilidad
Título propio La teoría de la literatura de Lukacs
Designación general del material texto impreso
Primer mención de responsabilidad Sara Sefchovich
205 ## - Declaración de edición
Declaración de edición 1a ed
210 ## - Publicación, distribución, etc.
Lugar de publicación, distribución, etc. México
Nombre del editor, distribuidor, etc. Universidad Nacional Autónoma de México, Instituto de Investigaciones Sociales
Fecha de publicación, distribución, etc. 1979
215 ## - Descripción física
Designación de material específico y extensión del ítem 144 p
Dimensiones 23 cm
345 ## - Nota de información de adquisición
Fuente de adquisición/dirección de la suscripción [OBSOLETO] Donación
600 ## - Nombre personal usado como materia
Elemento de entrada Lukács
Parte del nombre distinta del elemento de entrada György Szegedi
Fechas 1885-1971
Subdivisión temática Contribuciones a la filosofía de la literatura
Número Koha 18874
606 ## - Término temático usado como materia
Elemento de entrada Literatura
Subdivisión temática Filosofía
Número Koha 8180
700 ## - Nombre personal - Responsabilidad primaria
Elemento de entrada Sefchovich Wasongarz
Parte del nombre distinta del elemento de entrada Sara
Fechas 1949-
Número Koha 6274
801 #0 - Fuente de origen
Agencia cm
900 ## -
-- 1/8992
900 ## -
-- 710934652\\010893
942 ## - ELEMENTOS DE ENTRADA SECUNDARIOS (KOHA)
Tipo de ítem Koha Livre
996 ## -
-- MEX
-- 751145101
-- MMAG
-- 004967
-- 146.3 S44T
-- 20210531LIV
Exemplaires
Estatus retirado Estado de daño Estado de pérdida Fecha de adquisición Biblioteca de origen Biblioteca actual Ubicación en estantería Código de barras Precio de reemplazo Signatura topográfica completa No para préstamo Tipo de ítem Koha Nota pública Nota no pública
      05/08/2025 Casa México Paris Casa México Paris   004967 05/08/2025 146.3 S44T   Livre 20210531LIV 751145101